| 000 | 00789nam a2200193 a 4500 | ||
|---|---|---|---|
| 008 | 111004s2001 ||||||||||||||||| || u | ||
| 020 | _a1557988102 | ||
| 050 | _aBF 76.7 Ame. | ||
| 110 | _aAmerican Psychological Association (APA) | ||
| 245 | 1 | 0 | _aPublication Manual of the American Psychological Association |
| 260 |
_aWashington, D.C.: _bAmerican Psychological Association _c2001 |
||
| 300 | _axxviii, 439p.: ill. | ||
| 350 | _a0.00 | ||
| 500 | _aincludes bibliographical references | ||
| 650 | 3 | _aPSYCHOLOGY | |
| 650 | _aCOMMUNICATION IN PSYCHOLOGY | ||
| 650 | _aPSYCHOLOGY--AURHORSHIP | ||
| 995 |
_aMEDICAL LIBRARY OPEN ACCESS _D0.00 _e901382 _FCBU-SCHOOL OF MEDICINE LIBRARY (Ndola) _H1 _I0.00 _jBF 76.7 AME. _M1 _UAVAILABLE _WOct 4, 2011 _y901382 _ZMedical Library Open Access Collection |
||
| 999 |
_c32556 _d32556 |
||